Lego Themes by Sets - Statistics

General Stats
  • This quiz has been taken 93 times
    26 since last reset
  • The average score is 37 of 52
Answer Stats
Picture Answer % Correct
DC
100%
Disney
100%
Marvel
100%
Ghostbusters
92%
Back to the Future
85%
Friends
85%
Harry Potter
85%
Indiana Jones
85%
Minecraft
85%
Scooby Doo
85%
Spongebob
85%
Star Wars
85%
Super Mario
85%
Teenage Mutant Ninja Turtles
85%
The Hobbit
85%
The Lord of the Rings
85%
The Simpsons
85%
Transformers
85%
Wicked
85%
Animal Crossing
77%
City
77%
Doctor Who
77%
Jurassic Park
77%
Ninjago
77%
Sonic the Hedgehog
77%
The Lego Movie
77%
The Office
77%
Castle
69%
Despicable Me
69%
Dune
69%
Gremlins
69%
Stranger Things
69%
The Legend of Zelda
69%
Wednesday
69%
Bluey
62%
Games
62%
Home Alone
62%
Ideas
62%
Jaws
62%
Legends of Chima
62%
One Piece
62%
Pirates of the Caribbean
62%
Art
54%
The Goonies
54%
Twilight
54%
Willy Wonka and the Chocolate Factory
54%
Avatar: The Last Airbender
46%
Dungeons & Dragons
46%
Icons
46%
The Lone Ranger
46%
Seinfeld
38%
Creator
31%
No matching quizzes found
Score Distribution
Percent of People with Each Score
Percentile by Number Answered
Your Score History
You have not taken this quiz since the last reset